[Event "Washington op 6th"]
[Site "Rockville"]
[Date "2017.08.16"]
[Round "9"]
[White "Shmeliov, Denis"]
[Black "Hevia Alejano, Carlos Antonio"]
[Result "0-1"]
[WhiteElo "2414"]
[BlackElo "2497"]
[Annotator "Hevia,C"]
[PlyCount "140"]
[EventDate "2017.08.12"]
[EventType "swiss"]
[EventRounds "9"]
[EventCountry "USA"]
[SourceTitle "CBM 180"]
[Source "ChessBase"]
[SourceDate "2017.09.13"]
[SourceVersion "1"]
[SourceVersionDate "2017.09.13"]
[SourceQuality "1"]

{Preparing for the game I saw my opponent played exclusively the Classical
line 4.Qc2 against the Nimzo-Indian.} 1. d4 Nf6 2. c4 e6 3. Nc3 Bb4 4. Qc2 b6 {
Not a common way to face Qc2 but I was hoping to lead my opponent into
unexplored territory.} 5. e4 c5 6. d5 Qe7 7. Be2 d6 (7... exd5 {leads to the
same position as the text move.} 8. exd5 O-O 9. Nf3 d6 10. O-O Bxc3 11. bxc3)
8. Nf3 O-O 9. O-O Bxc3 10. bxc3 exd5 11. exd5 Bf5 {Just before the game, I
looked up with the computer how to play that line but I didn't go too deep.
Luckily for me my opponent opted for the only line I had seen with the engine.
Black wants to eliminate White's pair of bishops and play with the knights,
that are stronger in closed positions. White has more space and therefore
better coordination between pieces. The position is balanced.} 12. Qxf5 ({
I only analyzed the capture with the engine, so I started to wonder how to
react after} 12. Qb2 {which seemed logical. White just wants to develop pieces
without losing the pair of bishops.} Nbd7 (12... Be4 13. h3 Re8 14. Be3 Nbd7
15. Rfe1 h6 $11) 13. Re1 Rfe8 14. Bf1 Qf8 15. Rxe8 Rxe8 16. Nh4 Bg6 17. a4 a5 {
The position remains equal.}) 12... Qxe2 13. Bh6 {The logical follow-up to the
previous move, otherwise it was better to keep the bishops.} Qe4 14. Qxe4 (14.
Qf4 Nbd7 15. Rfe1 Qg6 16. Bg5 h6 17. Bxf6 Qxf6 18. Qg4 Qd8 $1 19. Qg3 Nf6 20.
Nh4 Nh5 21. Qg4 Nf6 22. Qg3 $11) (14. Qg5 Qg6 15. Qxg6 fxg6 $1 16. Bf4 Ne4 17.
g3 Nd7 18. Rae1 Rae8 19. Kg2 Ndf6 $11) 14... Nxe4 15. Rfe1 f5 16. Bf4 Nd7 17.
Ng5 $6 {The beginning of the problems. White forced a line which ended in a
position where Black's play was easier.} ({The engine's suggestion is} 17. Nh4
g6 (17... g5 18. f3) 18. f3 Nxc3 19. a4 Rfe8 20. Kf2 b5 $3 (20... Ne5 21. Bxe5
Rxe5 22. Rxe5 dxe5 23. Ke3 $16) 21. Rxe8+ Rxe8 22. axb5 Nb6 23. Bxd6 Nxc4 24.
Bxc5 Nxb5 25. Bxa7 Rd8 {leads to simplifications and an equal position.}) (17.
h4 $11 {was also good enough.}) 17... Nxg5 18. Bxg5 Ne5 19. Be7 Rfc8 $1 {
A key move which my opponent missed. At this point, I had more than 80 minutes
(since I had reviewed all that with the engine), while my opponent was already
falling into time trouble. The idea of the last move was to get with the rook
ro the 7th rank to stop and attack the passed d-pawn.} (19... Rfe8 20. Bxd6
Nxc4 21. Bc7 Kf7 22. d6 Ne5 23. Kf1 Nd7 24. Reb1 Re5 25. a4 Rd5 26. a5 Re8 27.
axb6 axb6 28. Bxb6 Rxd6 29. Bc7 $11) 20. Bxd6 Nxc4 {Now Bc7 is not possible
and Be7 is met with ...Rc7-Rd7, blocking and attacking the passed pawn.} 21.
Bg3 (21. Bf4 Rd8 22. Rad1 Rd7 $15) (21. Be7 Rc7 22. d6 Rd7 23. Rad1 Re8 24. Kf1
Kf7 25. h4 Na5 $15 {The passed pawn doesn't represent a danger and the knight
is way better than the bishop. Black can slowly improve his position.}) 21...
Rd8 22. Rad1 Rd7 $15 {Sticking to the plan. Black's position is better thanks
to the strong knight which occupies its ideal square.} 23. Bh4 Kf7 24. Re6 Rg8
{Bringing the last piece to play. Now White has a problem with the bishop.} 25.
f4 h6 26. Rde1 Rxd5 27. Re7+ Kg6 28. Rxa7 Kh5 ({Not} 28... Rd3 {because} 29.
Re6+ Kh5 30. Be1) 29. Bf2 Rd3 30. Rc1 $6 {Staying passive in the endgame is
almost never the right decision.} ({The correct way was} 30. h3 Rxc3 31. Re6
Rd3 32. a4 $15 {and the active white rooks should give eventually enough
compensation to equalise.}) 30... Rgd8 $19 {Now the position is hopeless for
White. The knight is by far superior to the bishop and Black's pawn structure
is much better and limits the bishop's activity.} 31. h3 R8d7 {To exchange the
only active white piece.} 32. Ra4 Rd1+ ({A stronger try was} 32... Nb2 33. Ra6
Rd2 34. Rf1 Nd3 35. Rxb6 Rxa2 $19 {with the idea Re7-e2.}) 33. Rxd1 Rxd1+ 34.
Kh2 Nd2 {Now the safety of the white king becomes a problem too.} 35. Ra7 g5
36. fxg5 hxg5 37. Rh7+ Kg6 38. Rb7 Nc4 39. Ra7 Rd2 40. Bg1 Rc2 41. a4 Ra2 {
Not allowing simplifications after a5.} 42. Ra6 Kh5 ({It was better to play} 
42... Kf7 43. Ra7+ Kf6 44. Ra6 Ke5) 43. Ra8 f4 44. Kh1 Ra3 $6 {Giving some
active chances in the kingside.} ({I should have played} 44... Kg6 45. Rg8+ Kf5
46. Rf8+ Ke4 47. Rg8 Rxa4 48. Rxg5 Ra3 49. h4 Rxc3 50. h5 Rg3 51. Rg6 Kf5 52.
Rh6 Rg8) 45. Rh8+ Kg6 46. h4 gxh4 $2 {An error that could have cost me half
point. My opponent was in time trouble, so I wanted to press him even more by
playing fast.} (46... Rxa4 47. Rg8+ Kh5 48. hxg5 Ra3 49. g6 Rxc3 50. g7 Kg6 {
would lead to a better version of the position from the game.}) 47. Rxh4 Kg5
48. g3 $1 {I completely missed that move, which simplified the position and
gave White huge chances of salvation. Objectively the position remains winning
for Black, however now it requires additional precision, as a bishop sacrifice
for the pawns becomes an idea for White.} Nb2 49. Rxf4 Nxa4 50. Kg2 Nxc3 51.
Rf8 Ne4 52. Rg8+ Kf6 53. g4 b5 54. g5+ Kf5 $2 {After this mistake, Black is
not in time to protect his pawns on the board.} ({The correct move was} 54...
Kf7 55. Rb8 Rb3 $19) 55. g6 Rg3+ 56. Kh2 Rxg6 57. Rb8 $2 {It was necessary to
sacrifice the bishop immediately, but my opponent was in huge time trouble, so
he kept playing fast, logical moves. Now the defensive task is harder.} ({
The draw could have been obtained by} 57. Rf8+ $1 Ke6 (57... Kg4 58. Bxc5 $1
Nxc5 59. Rb8 Nb7 60. Rxb7 Rg5 61. Kg2 Kf4+ 62. Kf2 Ke4 63. Ke2 Kd4 64. Kd2 $11)
58. Rb8) 57... c4 58. Rxb5+ Kf4 59. Bd4 $2 {A decisive mistake, allowing Black
to setup a mating net and advance the pawn safely.} ({After} 59. Rb8 Nd2 60.
Bf2 Nf1+ 61. Kh1 Kf3 62. Rf8+ Ke2 63. Bd4 {White should be able to hold the
game.}) 59... Nd2 60. Be5+ Kf3 61. Rb8 Nf1+ 62. Kh1 Ng3+ 63. Kg1 (63. Bxg3 Rxg3
$19) 63... Ne2+ 64. Kh1 Rh6+ 65. Bh2 c3 66. Rc8 Rh5 67. Rc6 Ng3+ 68. Kg1 Ne4
69. Bc7 Rg5+ 70. Kh2 Rc5 {After the exchange of rooks Black just needs to
bring the king to d1 and the knight to c4.} 0-1

[Event "Olympiad-32"]
[Site "Yerevan"]
[Date "1996.09.27"]
[Round "11.2"]
[White "Dautov, Rustem"]
[Black "Hjartarson, Johann"]
[Result "0-1"]
[WhiteElo "2615"]
[BlackElo "2565"]
[Annotator "Hjartarson,J"]
[PlyCount "132"]
[EventDate "1996.09.15"]
[EventType "team-swiss"]
[EventRounds "14"]
[EventCountry "ARM"]
[SourceTitle "CBM 055"]
[Source "ChessBase"]
[SourceDate "1996.12.01"]
[SourceVersion "1"]
[SourceVersionDate "1996.12.01"]
[SourceQuality "1"]
[WhiteTeam "Germany"]
[BlackTeam "Iceland"]
[WhiteTeamCountry "GER"]
[BlackTeamCountry "ISL"]

1. d4 Nf6 2. c4 e6 3. Nc3 Bb4 4. Qc2 O-O 5. a3 Bxc3+ 6. Qxc3 b6 7. Bg5 c5 8.
dxc5 bxc5 9. e3 d6 10. Bd3 Nbd7 11. Nf3 Bb7 12. O-O a5 (12... Qb6 {-66/458})
13. Nd2 Ra6 $146 (13... a4 {-53/535}) (13... Re8 {65/(518)}) 14. f3 Qa8 (14...
a4 $5) 15. b3 $5 (15. Rfd1 $14) 15... Rb6 16. Bc2 Bc6 (16... d5 $6 17. cxd5
exd5 (17... Nxd5 $2 18. Qd3 f5 19. Nc4 $16) 18. Bf5 $16) 17. Rac1 Rfb8 (17...
a4 $6 18. b4 cxb4 19. axb4 Rc8 20. Qa3 $16) 18. a4 (18. Rfd1 $2 a4 $15) 18...
Rb4 19. Nb1 d5 20. Na3 $6 (20. Bxf6 $1 Nxf6 21. cxd5 Bxd5 (21... Nxd5 22. Qxc5
Rc8 23. e4 Nf4 24. Qe3 e5 $44) 22. Nd2 Qa7 $13) (20. cxd5 Nxd5 21. Qd3 f5 $13 (
21... Nf8 22. e4 Rd4 23. Qe2 Nb4 24. Be3 Nxc2 25. Qxc2 Rdb4 26. Nd2 c4 27. Bf4
$14)) 20... e5 $1 21. Nb5 $6 (21. cxd5 Nxd5 22. Qd3 e4 $5 (22... Nf8 23. Nc4 f6
24. Bh4 Rd8 $13) 23. fxe4 N5b6 $44 24. e5 $140 Be4) (21. Bxf6 $1 d4 22. exd4
cxd4 $1 23. Qe1 Nxf6 24. Qxe5 d3 $44) 21... dxc4 22. bxc4 e4 23. f4 Ne8 $1 $15
{[xPa4,c4]} 24. Bb3 (24. f5 Nb6 25. f6 Rxc4 26. Qe5 Bxb5 27. axb5 Nd7 28. Qg3
Rxb5 $15) 24... Nb6 25. Be7 (25. Qc2 Bxb5 26. axb5 Nd6 $17) 25... Nxa4 26. Bxa4
(26. Qc2 Qb7 $1 27. Bh4 Nb6 28. Be1 Rxc4 $1 29. Bxc4 Nxc4 30. Qxc4 Bxb5 31.
Qxc5 Bxf1 32. Kxf1 a4 $17) 26... Rxa4 27. Rb1 $1 Bxb5 28. cxb5 (28. Rxb5 Rxb5
29. cxb5 Rb4 $1 30. Qxc5 Qb8 $15) 28... Rb4 29. Qxc5 R8xb5 30. Qxb5 Rxb5 31.
Rxb5 Nc7 32. Rb2 h6 33. Bd6 Na6 34. Ra1 (34. Rb6 $2 Qa7 35. Rfb1 Nb4 36. Rb8+
Kh7 $17) 34... Qc6 35. Be5 Nb4 36. Bd4 Qc4 37. h3 Nc6 38. Bb6 Qc3 $6 (38... Kh7
$15) 39. Rbb1 Kh7 40. Kh2 $2 (40. Rc1 Qb2 41. Rab1 Qa2 42. Ra1 Qb2 43. Rab1 $10
) 40... Qd3 $15 41. Rd1 Qa6 42. Rdb1 $6 (42. Bc5 Qb5 $15) 42... g5 $1 43. fxg5
hxg5 44. Ra3 f6 45. Rc3 Ne5 $17 46. Kh1 Kg6 47. Bd4 Nc6 48. Bc5 g4 $1 49. hxg4
Ne5 50. g5 $2 (50. Ra3 Nxg4 51. Rba1 Qe6 $17) 50... Kxg5 51. Bd4 Ng4 52. Kg1
Qd6 $19 53. Kf1 Qg3 54. Rb2 Nh2+ 55. Ke2 Qxg2+ 56. Kd1 Qf1+ 57. Kc2 Nf3 58. Ba7
Ne1+ 59. Kb3 Nd3 60. Rbc2 Qb1+ 61. Ka3 Qa1+ 62. Kb3 a4+ 63. Kc4 Qf1 64. Rh2 Qb1
65. Bd4 Qb7 66. Bc5 (66. Rg2+ Kf5 $19) 66... Ne5+ 0-1

[Event "Copenhagen Aruna"]
[Site "Copenhagen"]
[Date "1997.05.05"]
[Round "4"]
[White "Hillarp Persson, Tiger"]
[Black "Hjartarson, Johann"]
[Result "0-1"]
[WhiteElo "2475"]
[BlackElo "2585"]
[Annotator "Hjartarson,J"]
[PlyCount "64"]
[EventDate "1997.04.02"]
[EventType "tourn"]
[EventRounds "9"]
[EventCountry "DEN"]
[EventCategory "10"]
[SourceTitle "CBM 059"]
[Source "ChessBase"]
[SourceDate "1997.08.01"]
[SourceVersion "1"]
[SourceVersionDate "1997.08.01"]
[SourceQuality "1"]

1. d4 Nf6 2. c4 e6 3. Nc3 Bb4 4. Qc2 O-O 5. a3 Bxc3+ 6. Qxc3 b6 7. Bg5 c5 8.
dxc5 bxc5 9. e3 d6 (9... Nc6 10. Bd3 Rb8 11. Ne2 Qa5 12. Bxf6 gxf6 13. O-O-O
Qxc3+ 14. Nxc3 f5 15. h3 $1 Ba6 16. g4 Ne5 17. Bc2 Bb7 18. Rhg1 fxg4 19. f4 $1
{1-0 Alterman,B-Ehlvest,J/Groningen PCA 1993/CBM 39 [Dautov] (48)}) 10. Bxf6 {
This continuation is very tame and does not seem to be in the spirit of the
dangerous Swede either, who has become somewhat of a celebrity for his many
"lucky" wins. In this tournament however, his luck deserted him.} Qxf6 11. Qxf6
gxf6 12. O-O-O Rd8 13. Ne2 Nc6 (13... Kf8 14. Nf4 Nc6 15. Kc2 a5 16. a4 Rb8 17.
b3 Ke7 18. g3 Ne5 19. Bg2 Bd7 20. Nd3 Rb6 21. Nc1 Rdb8 {0-1 Wegner,H-Savon,V/
Belgorod 1991/EXP 23 (26)}) 14. Nc3 Kf8 15. Kc2 Ke7 {It is possible to find
many games with this kind of an endgame. Most strong players have realized,
that it is very difficult for White to squeeze anything out it so it is seldom
seen in grandmaster practice. One exception is Alterman-Ehlvest/Groningen/PCA/
1993/CBM39/I59/582, where White scored a fine victory. In this game however,
Black was not as well developed as here, which made a difference.} 16. Be2 Rb8
17. b3 f5 18. f4 Bb7 19. h3 Ba8 20. Rb1 $6 (20. g4 $2 Na5 $19) (20. Rhg1 $11) {
Now, Black finds a very good plan to defend against White´s advance on the
K-side and prepare his own offensive in the center, at the same time.} 20...
Kf6 $1 21. g4 Ne7 22. Rhg1 (22. Rhd1 $11) 22... d5 23. cxd5 $6 (23. Bd3 $11)
23... exd5 24. Bd3 d4 25. exd4 cxd4 26. Ne2 Be4 $1 27. Kd2 Nd5 28. Rgc1 Rb6 $1
29. b4 (29. Rc4 Nc3 $1 (29... Bxd3 30. Kxd3 Re6 31. Rxd4 Nxf4+ 32. Nxf4 Rxd4+
33. Kxd4 Re4+ $11) 30. Rb2 Bxd3 31. Kxd3 Nd1 32. Rb1 Nf2+ 33. Kd2 Nxh3 $15) (
29. Bxe4 $2 fxe4 30. Nxd4 Nxf4 31. Ke3 Ke5 $1 32. Nc6+ Rxc6 33. Rxc6 Rd3+ 34.
Kf2 e3+ 35. Kf1 Rd2 36. Rc7 Rf2+ 37. Kg1 Nxh3+ 38. Kh1 e2 39. Rbc1 Rf1+ 40. Kh2
Ng5 41. Kg2 Ne6 $1 $19) 29... Bxd3 30. Kxd3 Re6 31. Nxd4 $4 $138 (31. Kd2 fxg4
(31... Re3 $2 32. Nxd4 Rxh3 33. Rc6+) 32. hxg4 Ne3 $15 (32... d3 33. Nd4 Re4
34. Rc6+ Kg7 35. Nf5+ Kf8 36. Rh1 Re2+ 37. Kd1 $13)) 31... Nxf4+ 32. Kc4 Re4 (
32... Re4 33. Kb5 Rdxd4 $19) 0-1

[Event "Interzonal-16"]
[Site "Biel"]
[Date "1993.??.??"]
[Round "9"]
[White "Xu, Jun"]
[Black "Hjartarson, Johann"]
[Result "1/2-1/2"]
[WhiteElo "2535"]
[BlackElo "2605"]
[Annotator "Hjartarson,J"]
[PlyCount "87"]
[EventDate "1993.07.16"]
[EventType "swiss"]
[EventRounds "13"]
[EventCountry "SUI"]
[SourceTitle "CBM 037"]
[Source "ChessBase"]
[SourceDate "1993.12.01"]
[SourceVersion "1"]
[SourceVersionDate "1993.12.01"]
[SourceQuality "1"]

1. d4 Nf6 2. c4 e6 3. Nc3 Bb4 4. Qc2 O-O 5. a3 Bxc3+ 6. Qxc3 b6 7. Bg5 Bb7 8.
Nh3 h6 9. Bh4 c5 10. dxc5 bxc5 11. f3 a5 12. e3 d6 13. O-O-O Ra6 14. Be2 Nbd7
15. g4 $5 (15. Nf2) 15... Qa8 16. e4 e5 17. g5 (17. Rhg1 Rb8 18. g5 hxg5 19.
Rxg5 Ne8 $13) 17... hxg5 18. Bxg5 Rb8 19. Rhg1 Ne8 $13 20. Nf2 Rb6 21. Rd2 Bc6
22. Bd1 Nf8 23. Ng4 Ne6 24. Nf6+ $1 Nxf6 $2 (24... gxf6 $2 25. Bh6+ Kh7 26. f4
$1 $18) (24... Kf8 25. Nh7+ (25. Nxe8 $2 Bxe8 $17 {><d4}) 25... Kg8 26. Nf6+
$10) 25. Bxf6 Kf8 26. Rxg7 $1 (26. Bxg7+ Nxg7 27. Rxd6 Bxe4 $1 28. Rxb6 (28.
Qxe5 $2 Bg6 $17) 28... Rxb6 29. fxe4 (29. Qxe5 $2 Bg6 $19) 29... Qxe4 $13)
26... Nxg7 27. Qe3 Qa6 28. b3 $4 (28. Qh6 $1 Ke8 (28... Qxc4+ 29. Rc2 $18) 29.
Rxd6 Ne6 30. Qh8+ Nf8 31. Bg7 Qxc4+ (31... Ke7 32. Bxf8+ Rxf8 33. Qxe5#) 32.
Bc2 Qf1+ 33. Rd1 Qxd1+ 34. Bxd1 Ke7 35. Bxe5 $18) 28... Ne6 $4 (28... Ba4 $1
29. Qh6 Ke8 $1 30. Qxg7 Qxc4+ $1 31. Rc2 (31. bxc4 Rb1#) 31... Qxb3 $19) 29.
Qh6+ Ke8 30. Rxd6 $18 Ba4 $8 31. Qh8+ Nf8 32. Bg7 Rxd6 (32... Ke7 $2 33. Bxf8+
Rxf8 34. Qxe5#) (32... Qxc4+ 33. Bc2 Qf1+ 34. Rd1) 33. Qxf8+ Kd7 34. Qxb8 Rg6 (
34... Rxd1+ 35. Kxd1 Qxc4 36. Qb7+) 35. Qxe5 Rg1 36. Qd5+ (36. Qxc5 $1 Rxd1+ (
36... Rxg7 37. Qd4+) 37. Kxd1 Bxb3+ 38. Kd2) 36... Ke8 37. Qe5+ Kd7 38. Qd5+
Ke8 39. bxa4 $2 Rxg7 40. Qe5+ Kf8 41. Qb8+ (41. Qxc5+ Kg8 42. Qd4 Rg2 $132)
41... Ke7 42. Qe5+ Kf8 43. Qb8+ Ke7 44. Qe5+ 1/2-1/2

[Event "Sigeman & Co 03rd"]
[Site "Malmo"]
[Date "1995.??.??"]
[Round "9"]
[White "Sokolov, Ivan"]
[Black "Hjartarson, Johann"]
[Result "1-0"]
[WhiteElo "2645"]
[BlackElo "2590"]
[Annotator "Hjartarson,J"]
[PlyCount "75"]
[EventDate "1995.05.??"]
[EventType "tourn"]
[EventRounds "9"]
[EventCountry "SWE"]
[EventCategory "12"]
[SourceTitle "CBM 048"]
[Source "ChessBase"]
[SourceDate "1995.10.01"]
[SourceVersion "1"]
[SourceVersionDate "1995.10.01"]
[SourceQuality "1"]

1. d4 {Dautov} Nf6 2. c4 e6 3. Nc3 Bb4 4. Qc2 O-O 5. a3 Bxc3+ 6. Qxc3 b6 7. Bg5
Bb7 8. e3 d6 9. f3 Nbd7 10. Bd3 h6 11. Bh4 c5 12. Ne2 Rc8 (12... cxd4 {Dautov}
13. exd4 Rc8 14. b4 e5 15. O-O b5 $6 16. c5 exd4 17. Nxd4 a6 (17... dxc5 18.
Nf5 c4 $6 19. Bc2 Bd5 20. Rad1 Be6 21. Rd6 $16 {Gulko,B-De Firmian,N/USA-ch/
1989/}) 18. Nf5 dxc5 19. Rad1 cxb4 20. Qxb4 Kh8 21. Nd6 Rb8 22. Bf5 Bc6 23.
Bxd7 Bxd7 24. Ne4 $18 {Polgar,Zs-Hracek,Z/Brno 1993}) 13. b4 $1 cxd4 $2 (13...
Ba6 $6 14. dxc5 bxc5 (14... dxc5 15. b5 Bb7 16. O-O $16) 15. b5 Bb7 16. O-O d5
17. Rfd1 Qb6 18. a4 a5 19. Be1 $1 Ra8 20. Bf2 $16 {Sokolov,I-Van der Wiel/
NED-ch/1995/by transposition.}) (13... d5 $5 14. dxc5 (14. cxd5 {Dautov} Nxd5
15. Bxd8 Nxc3 16. Bh4 cxd4 17. exd4 Nf6 18. Rc1 Nxe2 19. Kxe2 Nd5 $10 {
Georgiev,K-Hracek,Z/Altensteig 1995}) 14... bxc5 15. b5 Nb6 (15... Qb6 $5) (
15... Ne4 $1 16. Bxd8 Nxc3 $10) 16. Bxf6 Qxf6 17. Qxf6 gxf6 18. cxd5 Bxd5 19.
Nc3 Bc4 $2 (19... Bb3 $5) (19... Rfd8 $5) 20. Bxc4 Nxc4 21. Ke2 Rfd8 22. Rhd1
f5 23. a4 $16 {Sorokin-Atalik/Cheliabinsk/1991}) 14. exd4 Ba6 $6 {N} (14... d5
15. c5 $16) (14... b5 15. c5 $16) (14... Qc7 15. O-O Rfe8 16. Rac1 $14) (14...
e5 {Dautov -12...cxd4}) 15. Qb3 $16 Qc7 (15... d5 16. c5 Bxd3 17. Qxd3 bxc5 18.
dxc5 $16) 16. Rc1 e5 (16... d5 {Dautov} 17. b5 (17. c5 Bxd3 18. Qxd3 bxc5 19.
bxc5 Qa5+ $132) (17. cxd5 $5 Qxc1+ 18. Nxc1 Rxc1+ 19. Kf2 Rxh1 20. Bxa6 Nxd5
21. Qa4 $5 N7f6 22. Bb7 $14) 17... Bb7 18. Bxf6 gxf6 (18... Nxf6 19. c5 bxc5
20. dxc5 $16) 19. Qb4 (19. O-O Qd6) 19... dxc4 20. Rxc4 Qb8 21. O-O $14) 17.
O-O Rfe8 (17... exd4 $2 {Dautov} 18. Nxd4 d5 19. cxd5 Qf4 (19... Qxc1 20. Bxa6
Qc3 21. Bxc8 Rxc8 22. Qxc3 Rxc3 23. Nb5 $16) 20. Nc6 $1 Qe3+ 21. Bf2 Qxd3 22.
Ne7+ Kh7 23. Qxd3+ Bxd3 24. Nxc8 Bxf1 25. Kxf1 $16) 18. Qa4 Bb7 19. Bf5 Ra8 20.
Nc3 {/\Nd5} g5 (20... exd4 {Dautov} 21. Nd5 (21. Nb5 Qc6 22. Qd1 $16) 21...
Bxd5 22. cxd5 Qb7 23. Qc6 Rab8 24. Qxd6 Re5 25. Bxd7 Nxd7 26. Rc6 $16) (20...
Bc6 {Dautov} 21. b5 $5 Bb7 22. Nd5 Bxd5 (22... Qd8 23. Bxd7 $16) 23. cxd5 Qb7
24. Rc6 $16) 21. Bg3 Bc6 (21... exd4 {Dautov} 22. Nb5 Qc6 23. Qd1 $16) 22. Qb3
Rad8 23. Rfd1 Nh5 24. Nb5 Qb8 (24... Bxb5 $2 {Dautov} 25. cxb5 Qb7 26. Be4 Qb8
27. Bg6 $18) 25. dxe5 (25. c5 $5 Bxb5 26. Bg6 $40) 25... Nxg3 26. hxg3 Bxb5 (
26... Nxe5 27. Nd4 $16 {xf5} (27. f4 $5 {Dautov} Bxb5 28. cxb5 Nd7 29. Rc6 $16)
) (26... dxe5 {Dautov} 27. Rd6 $3 Bxb5 28. Rxh6 Ba6 29. Qe3 f6 30. Rxf6 $1 Nxf6
31. Qxg5+ Kf7 32. Qg6+ Ke7 (32... Kf8 33. Qxf6+ Kg8 34. Qg6+ Kf8 35. Qh6+ Kf7
36. Bg6+ $18) 33. Qg7+ Kd6 34. Qxf6+ Kc7 35. Qf7+) 27. cxb5 Rxe5 28. Bb1 Rde8 (
28... Nf6 {Dautov} 29. f4 Ree8 30. fxg5 hxg5 31. Qf3 Kg7 32. Rf1 Re6 33. Qf5
$16) 29. Rc6 $18 Re1+ 30. Kh2 R8e3 31. Qc2 Rxd1 32. Qxd1 Ne5 33. Rxd6 Qc7 (
33... Kg7 {Dautov} 34. Qd4 $18) 34. Qd4 Qe7 (34... Qc1 35. Be4 $18) 35. Be4
Rxa3 36. Rd5 $1 f6 37. Rd8+ Kg7 38. Rb8 1-0

[Event "Candidates sf1"]
[Site "London"]
[Date "1989.??.??"]
[Round "2"]
[White "Karpov, Anatoly"]
[Black "Jussupow, Artur"]
[Result "1/2-1/2"]
[WhiteElo "2755"]
[BlackElo "2610"]
[Annotator "Jussupow,A"]
[PlyCount "65"]
[EventDate "1989.10.??"]
[EventType "match"]
[EventRounds "8"]
[EventCountry "ENG"]
[SourceTitle "Candidates"]
[Source "ChessBase"]
[SourceDate "1999.07.01"]
[SourceVersion "2"]
[SourceVersionDate "1999.07.01"]
[SourceQuality "1"]

1. d4 {Artur Yusupov} Nf6 2. c4 e6 3. Nc3 Bb4 4. Qc2 O-O 5. a3 Bxc3+ 6. Qxc3 b6
7. Nf3 Bb7 8. e3 {8.g3!?} d6 9. Be2 {>=9.b4!?} Nbd7 10. O-O {>=9.b4} Ne4 11.
Qc2 f5 $15 12. Ne1 (12. b4 Rf6 13. Bb2 Rh6 $40) 12... Qh4 $1 13. f3 Ng5 $36 14.
f4 (14. Bd1 {/\Qf2} Rf6 15. Qf2 Qh6 $36 {15...Qh5!? 16.Nd3 e5 17.d5-/+}) 14...
Ne4 15. Nf3 Qh6 {15...Qe7!?(/\h6,g5)16.b4=/+} 16. Bd3 Ndf6 17. Qe2 Ng4 18. Qe1
$6 {>=18.b4 /\Bb2} Rae8 $1 {/\e5;18...Nc5? 19.dc Bf3 20.h3+-} 19. b4 {19.Qh4
Qg6-/+} e5 20. fxe5 {20.h3? Ngf2->} dxe5 21. h3 Nef2 $5 {21...ed /\Qd6} 22. Be2
$8 {22.Rf2? Nf2 23.Qf2 e4-+} Bxf3 $17 (22... exd4 $5 23. e4 $3 {23.hg de! 24.
Rf2 ef 25.Kf2 (25.Qf2 Qf6!-+) Qf6 26.Bg5 Re2!-+; 24.Nh2 Qh3!! 25.Rf2 ef 26.Qf2
Qc3-+} Nxh3+ 24. gxh3 Qxh3 25. Qh4 Qxh4 26. Nxh4 Bxe4 27. Bxg4 $15) 23. Bxf3 e4
$2 $138 (23... Nd3 $1 24. Qc3 (24. Qg3 Nxc1 25. hxg4 {25.Bg4 Nb3 26.Rab1 Nd2-+}
Qxe3+ 26. Kh2 $1 {26.Kh1 Re6 27.g5 Nd3-+;26.Qf2 Qf2 27.Rf2 Nb3-+} e4 27. Raxc1
exf3 28. Qxf3 Qxd4 29. gxf5 Re5 $17 {King,Jacobs}) (24. Bd5+ Kh8 25. e4 {
25.Qg3 Nc1 26.Rac1 Ne3-+} Nxe1 26. Bxh6 Nxh6 27. Raxe1 exd4 28. e5 $1 $17 {
28.ef Re1 29.Re1 Nf5 30.Rf1 Rf6-+}) 24... Nxc1 25. Rfxc1 $5 {25.hg fg 26.Rac1
g3! 27.Bd5 Kh8 28.Rf7 Rf7 29.Bf7 Rf8-+; 26.Bg4 Rf1 27.Kf1 Qh1 28.Kf2 Rf8 29.
Bf3 Qh4 30.Kf1 e4-+} Qxe3+ {25...Ne3 26.de-/+} 26. Qxe3 Nxe3 27. dxe5 Rxe5 28.
c5 {28.Rc3 c5 29.bc bc 30.Rb1-/+} bxc5 29. Rc3 $1 $17) 24. Bd1 $1 $138 (24. Be2
Nxh3+ $1 25. gxh3 Qxh3 26. Bxg4 Qxg4+ 27. Kf2 {27.Kh1 Qh3 28.Kg1 Re6-+} f4 28.
exf4 e3+ 29. Bxe3 Rxf4+ 30. Bxf4 Qxf4+ 31. Kg2 Rxe1 32. Raxe1 Qg4+ $19 {
/\h5,><d4,a3,c4}) (24. hxg4 fxg4 25. Qxf2 gxf3 $40 {/\Rf5,Re6}) 24... Nxd1 {
24...Nh3? 25.gh Qh3 26.Ra2+-} 25. Qxd1 Nxe3 26. Qe2 f4 27. Bxe3 fxe3 28. Rxf8+
Rxf8 29. Re1 $10 Rd8 30. d5 c6 31. dxc6 Qxc6 32. Qxe3 Qxc4 {32...Re8?! 33.Qd4}
33. Qxe4 {Artur Yusupov} 1/2-1/2